Vnútorný predpis pre oblasť účtovníctva obce

Pokračovanie príspevku z predchádzajúceho čísla. Okruhy účtovníctva, ktoré by mali byť zahrnuté vo vnútornom predpise pre oblasť účtovníctva v obci.

Salvato in:
Dettagli Bibliografici
Autore principale: Jakubíková, Hana
Natura: Capitolo di libro
Lingua:slovacco
Soggetti:
Tags: Aggiungi Tag
Nessun Tag, puoi essere il primo ad aggiungerne!!

MARC

LEADER 00000naa a2200000 4500
001 0222190
005 20240502073636.3
041 0 |a slo 
044 |a SK 
245 1 0 |a Vnútorný predpis pre oblasť účtovníctva obce  |c Hana Jakubíková 
520 |a Pokračovanie príspevku z predchádzajúceho čísla. Okruhy účtovníctva, ktoré by mali byť zahrnuté vo vnútornom predpise pre oblasť účtovníctva v obci. 
610 2 0 |a predpisy 
610 2 0 |a účtovníctvo vnútropodnikové 
610 2 0 |a obce 
100 1 |a Jakubíková, Hana